Después del revolcón : (Registro nro. 5625)

Detalles MARC
000 -LEADER
fixed length control field 01174nam a2200229Ia 4500
003 - CONTROL NUMBER IDENTIFIER
control field OSt
005 - DATE AND TIME OF LATEST TRANSACTION
control field 20200707182237.0
008 - FIXED-LENGTH DATA ELEMENTS--GENERAL INFORMATION
fixed length control field 191128s1993 ck ad gr 000 0 spa d
040 ## - CATALOGING SOURCE
Original cataloging agency CO-JMCR
Transcribing agency CO-JMCR
041 0# - LANGUAGE CODE
Language code of text/sound track or separate title spa
082 04 - DEWEY DECIMAL CLASSIFICATION NUMBER
Classification number 330.986 /
Item number A837d
Edition number 23
110 1# - MAIN ENTRY--CORPORATE NAME
Corporate name or jurisdiction name as entry element Colombia. Asociación Nacional de Instituciones Financieras
9 (RLIN) 6016
245 #0 - TITLE STATEMENT
Title Después del revolcón :
Remainder of title memorias de la XVI Asamblea Ordinaria de Anif /
Statement of responsibility, etc. Asociación Nacional de Instituciones Financieras ; editor Alfredo Angulo S.
260 ## - PUBLICATION, DISTRIBUTION, ETC.
Place of publication, distribution, etc. Bogotá :
Name of publisher, distributor, etc. Asociación Nacional de Instituciones Financieras,
Date of publication, distribution, etc. 1993.
300 ## - PHYSICAL DESCRIPTION
Extent 216 páginas :
Other physical details gráficos a blanco y negro ;
Dimensions 22 cm.
505 0# - FORMATTED CONTENTS NOTE
Formatted contents note Discurso del señor Presidente de la República -- Intervención del presidente de la junta directiva de Anif -- Una evaluación de la apertura ecónomica en Colombia -- Las complicaciones de la futura política económica -- Perspectivas de la estabilización
650 14 - SUBJECT ADDED ENTRY--TOPICAL TERM
Topical term or geographic name entry element Finanzas
Geographic subdivision Colombia
9 (RLIN) 6833
650 24 - SUBJECT ADDED ENTRY--TOPICAL TERM
Topical term or geographic name entry element Congresos
General subdivision conferencias
Geographic subdivision Colombia
9 (RLIN) 6834
650 24 - SUBJECT ADDED ENTRY--TOPICAL TERM
Topical term or geographic name entry element Política económica
General subdivision Congresos
-- conferencias
9 (RLIN) 6835
700 1# - ADDED ENTRY--PERSONAL NAME
Personal name Angulo S., Alfredo,
Relator term editor
9 (RLIN) 6836
942 ## - ADDED ENTRY ELEMENTS (KOHA)
Source of classification or shelving scheme Dewey Decimal Classification
Koha item type Books
Existencias
Withdrawn status Lost status Source of classification or shelving scheme Materials specified (bound volume or other part) Damaged status Not for loan Home library Current library Shelving location Date acquired Coded location qualifier Full call number Barcode Date last seen Copy number Price effective from Koha item type
    Dewey Decimal Classification Donación--15/04/2018--     Biblioteca Pública José María del Castillo y Rada Biblioteca Pública José María del Castillo y Rada General Stacks 11/28/2019 $0. 330.986 / A837d 430002667 05/16/2024 Ej.1 11/28/2019 Books